| 000 | 00501nam a2200205Ia 4500 | ||
|---|---|---|---|
| 003 | OSt | ||
| 005 | 20250702192208.0 | ||
| 008 | 210423s2011 xx 000 0 und d | ||
| 020 | _a9789380902166 | ||
| 040 | _cAL | ||
| 041 | _aEnglish | ||
| 082 |
_a070.1 _223 _bPANS |
||
| 100 |
_aKalpana Pawar _996127 |
||
| 245 | _aSting operation. | ||
| 260 |
_aJaipur _bAadi Publications _c2011 |
||
| 300 |
_a298p. _bPB _c22x14.5cm. |
||
| 365 |
_b895 _cINR |
||
| 906 | _aoperation. ; Sting | ||
| 942 |
_2ddc _cBK |
||
| 999 |
_c161475 _d161475 |
||